Normal view MARC view
  • BLYTH,H.G.F

Entry Personal Name

Number of records used in: 1

001 - CONTROL NUMBER

  • control field: 109239

003 - CONTROL NUMBER IDENTIFIER

  • control field: NUST

005 - DATE AND TIME OF LATEST TRANSACTION

  • control field: 20230220100120.0

008 - FIXED-LENGTH DATA ELEMENTS

  • fixed length control field: 230220|| aca||aabn | a|a d

040 ## - CATALOGING SOURCE

  • Original cataloging agency: NUST
  • Transcribing agency: NUST

100 ## - HEADING--PERSONAL NAME

  • Personal name: BLYTH,H.G.F

670 ## - SOURCE DATA FOUND

  • Source citation: Work cat.: (NUST): BLYTH,H.G.F., A GEOLOGY FOR ENGINEERS /, 2017 P. ;
© 2023 Central Library, National University of Sciences and Technology. All Rights Reserved.